000 01506nam a2200373 a 4500
999 _c461249
_d461249
003 BLK
005 20250625181425.0
008 180411b bul|||||r ||||||| ||bul||
020 _a9789542838999
040 _aBLK
041 _aBUL
_cBUL
080 _aЦентрална нервна система. Главен мозък. Хипофиза. Епифиза
_b611.81
_x(02.053.2)
_z611.81(02.053.2)
100 _aКенингтън, Тим
_eпърви автор
_9476289
139 _aКенингтън, Тим
_bК 50
245 1 0 _aТази книга е пълна с мозъци
_bВсички видове мозъци и как работят
_cТим Кенингтън ; ил.Доузи Блогс, Лиз Кей ; прев. Елена Филипова
257 _aBGR
260 _aСофия
_bСиела Норма
_c2022
_9217021
_n978-954-28-
300 _a94с.
_bс ил.
_c25 см
380 _aDN
500 _aОриг. загл. This Book is Full of Brains
650 4 _aГлавен мозък
_9270033
653 _aглавен мозък
653 _aмисли
700 _aФилипова, Елена Иванова
_eпрев. от англ.
_9416820
700 _aБлогс, Джоузи
_eил.
_9599
700 _aКей, Лиз
_eил.
_9599
852 _bД
_c61/К 50 Т
856 4 _qpdf
856 4 _qpdf
942 _cKNG
_n0
_s1
_017
944 _aCR
_c2022-06-15
_k30534
_lРадостина Карадакова
999 _d461249
999 _d461249